Statistics for Countries with Sun Bears

Click here to take the quiz!

General Stats

  • This quiz has been taken 93 times
  • The average score is 9 of 10

Answer Stats

Sun bear country% Correct
China
96%
India
96%
Thailand
91%
Vietnam
90%
Laos
89%
Malaysia
88%
Indonesia
86%
Bangladesh
85%
Cambodia
84%
Myanmar
80%

Score Distribution

Percentile by Number Answered

Percent of People with Each Score

Your Score History

You have not taken this quiz